Teatre d'ombres arreu del món : les grans tradicions / Annie Gilles ... [et al.] les grans tradicions / Annie Gilles ... [et al.]
Descripción Física:
187 p. ; 22 cm
Colección:
Monografies de teatre ;14
Otros Autores:
Gilles, Annie
Materias:
Ombres xineses -- Història i crítica
MARC
| LEADER | 00000nam a2200000Ia 4500 | ||
|---|---|---|---|
| 001 | 6875 | ||
| 008 | 160829s1984 xx 000 0 cat d | ||
| 080 | |a B-1-172 | ||
| 245 | |a Teatre d'ombres arreu del món : |b les grans tradicions / Annie Gilles ... [et al.] | ||
| 260 | |a Barcelona : |b Institut del Teatre : |b Edicions 62, |c 1984 | ||
| 300 | |a 187 p. ; |c 22 cm | ||
| 490 | |a Monografies de teatre ;14 | ||
| 650 | |a Ombres xineses |x Història i crítica |9 28512 | ||
| 700 | |a Gilles, Annie |9 28513 | ||
| 710 | 1 | |a Institut del Teatre (Barcelona, Catalunya) |9 52662 | |
| 901 | |a Arxiu | ||
| 942 | |n 1 | ||
| 952 | |0 0 |1 0 |4 0 |6 B1172 |7 1 |9 44844 |a Arxiu |b Arxiu |d 2016-12-01 |l 0 |o B-1-172 |p 6875 |r 2016-12-01 00:00:00 |w 2016-12-01 |y ARXIU | ||
| 999 | |c 47442 |d 47442 | ||